000
00357nam a2200133Ia 4500
008
231129s1985||||xx |||||||||||||| ||spa||
020
_a
84-8280-389-1
082
_a
GOR- 125
100
_a
Svevo Italo
245
0
_a
La conciencia de Zeno
260
_c
1985
264
_a
Colombia: Oveja Negra 1985
942
_2
ddc
_c
BKS
999
_c
16705
_d
16705